| 000 | 00876cam a2200205 4500 | ||
|---|---|---|---|
| 001 | a120788 | ||
| 008 | 021216n2002 000 0 eng u | ||
| 035 | _a(Sirsi) u120788 | ||
| 245 | _aDoncaster MBC v SoS Environment Transport and the Regions | ||
| 260 | _c2002 | ||
| 490 |
_aJournal of Planning and Environment Law _v[2002] JPL 1509-1534(16) |
||
| 520 | _aCA 10 April 2002. Stationing of mobile homes. Applicaiton for planning permission refused. Enforcement notices. Approach to very special circumstances. Appeal by local planning authority against Inspector's decision allowed. (Taken from journal headnote) | ||
| 650 | _aDONCASTER MBC V SOS ENVIRONMENT TRANSPORT AND THE REGIONS | ||
| 650 | _aMOBILE HOMES | ||
| 650 | _aENFORCEMENT NOTICES | ||
| 650 | _aGREEN BELT | ||
| 650 | _aTRAVELLERS | ||
| 690 | _aPLANNING LAW AND PRACTICE-CASE LAW | ||
| 942 | _n0 | ||
| 999 |
_c71774 _d71774 |
||